000 00417nam a22001697a 4500
003 CEME
005 20210628205317.0
008 210309b xxu||||| |||| 00| 0 eng d
020 _a81-7319-162-X
040 _c.
082 _a530.141 GHO'E
100 _aGhosh, S. N
_974877
245 _aElectromagnetic theory and wave propagation
260 _aNEWDELHI
_bNAROSA
_c1998
300 _aXV, 258P
942 _cBK
_2ddc
999 _c580379
_d580379